01056 2200337 4500001002100000005001700021008004100038020002200079035002400101082001100125090001800136100001500154245019300169250001100362260003600373300001800409500003800427500002800465500002500493650004100518700001700559700001400576700003000590700002000620850001200640980001500652985000600667999001500673999001500688999001500703YOGYA-0209000006980220090227093259.0 ind  a978-979-415-043-1 0010-020900000069802 a222.12 a222.12bLas P aLASOR, W.S aPengantar perjanjian lamabsastra dan nubuatcW.S. Lasor, D.A. Hubbard & F.W. Bush ; diterjemahkan oleh, Lisda Tirtapraja Gamadhi & Lily W. Tjiputra ; editor, Staf redaksi BPK Gunung Mulia aCet. 3 aJakartabBPK Gunung Muliac2007 a...jilc21 cm aJudul asli : Old testament survey aYang ditewrima : Jil. 2 aTermasuk bibliografi aAlkitab - Perjanjian lama - keluaran aHubbard, D.A aBush, H.W aGamadhi, Lisda Tirtapraja aCiputra, Lily W aYOPDYOG a02-11-2008 a3 a08P0001822 a08P0001823 a08P0001824